Multiplatformová knižnica pre spracovanie dát v inteligentných systémoch

Salvato in:
Dettagli Bibliografici
Autore principale: Baran, Matúš (Autore)
Altri autori: Kachman, Ondrej (Relatore della tesi)
Natura: Manoscritto Libro
Lingua:slovacco
Pubblicazione: 2022
Soggetti:
Accesso online:http://is.stuba.sk/zp/portal_zp.pl?podrobnosti=154869
Tags: Aggiungi Tag
Nessun Tag, puoi essere il primo ad aggiungerne!!

MARC

LEADER 00000ntm a22000003a 4500
001 stuzp87958
003 SK-STU
005 20220625210537.3
007 ta
008 150427s2015----xo-----f-mn---000-0-slo-d
040 |a STU  |b slo 
041 0 |a slo 
100 1 |a Baran, Matúš  |u 070400  |4 aut  |U FIIT Fakulta informatiky a informačných technológií  |T FIIT Ústav počítačového inžinierstva a aplikovanej informatiky  |X 102852  |U I400  |Y 672  |7 102852 
242 0 1 |a Multiplatform data processing library for intelligent systems  |y eng 
245 1 0 |a Multiplatformová knižnica pre spracovanie dát v inteligentných systémoch 
260 |c 2022 
650 4 |a knižnica  |2 slo 
650 4 |a multiplatformový  |2 slo 
650 4 |a vyšší programovací jazyk  |2 slo 
650 4 |a nižší programovací jazyk  |2 slo 
650 4 |a natívny  |2 slo 
650 4 |a native  |2 eng 
650 4 |a library  |2 eng 
650 4 |a multiplatform  |2 eng 
650 4 |a bluetooth  |2 eng 
650 4 |a high-level programming language  |2 eng 
650 4 |a low-level programming language  |2 eng 
700 1 |a Kachman, Ondrej  |4 ths  |X 64511  |7 A000064511 
856 4 |u http://is.stuba.sk/zp/portal_zp.pl?podrobnosti=154869